000 01660cam a22004574i 4500
003 PE-LiUPU
005 20250731172956.0
008 150623s r 000 0 d
020 _a0830815031
035 _a(Sirsi) i9780830815036
040 _aPE-LiUPU
_bspa
_cPE-LiUPU
_erda
049 _aPRUA
082 0 4 _a225.924
_bW74
_221
100 1 _aWitherington, Ben,
_eautor.
245 1 4 _aThe Paul quest: the renewed search for the jew of Tarsus /
_cBen Witherington.
264 1 _aIllinois :
_bInterVarsity Press,
_c1998.
300 _a347 páginas ;
_c24 centímetros
336 _atext
_2rdacontent
337 _aunmediated
_2rdamedia
338 _avolume
_2rdacarrier
504 _aIncluye bibliografía.
505 0 _aOn constructing an ancient personality. -The trinity of Paul´s identity. -Paul the writer and rhetor. -Paul the realist and radical. -Paul the anthropologist and advocate. -Paul the ethicist and theologian. -A portrait of Paul.
526 _aSEG42
526 _aSEG41
526 _aSEG40
526 _aSEG39
526 _aP94
526 _aP87
526 _aP86
526 _aP85
526 _aP77
526 _aP76
526 _aP35
600 1 _aPablo de Tarso.
_d2 a. C. - c. 66 d. C.
942 _2ddc
_cBOOK
949 _a225.924 W74
_wDEWEY
_c1
_i45339
_lCCODEBUL1
_mBUL
_r0
_sY
_tBOOK
_u2015-6-24
_xTEOLOGIA
_PP35
_0COMPRA
_o.STAFF. Colección General
994 _aC0
_bPEPRU
596 _a1
999 _a225.924 W74
_wDEWEY
_c22200
_i45339
_f2021-11-9
_g5
_lCCODEBUL1
_mBUL
_r0
_sY
_tBOOK
_u2015-6-24
_xTEOLOGIA
_PP35
_0COMPRA
_o.STAFF. Colección General
_d22200
980 _81
_gALBERTO SANCHEZ Responsable de Automatización